000 00478nam a22001697a 4500
005 20251108171934.0
008 250721s1997 xx 000 0 ara d
082 1 4 _a133.4/اشق
100 1 _aالأشقر، عمر سليمان
245 1 0 _aعالم السحر و الشعوذة /
250 _aط2
264 1 _aعمان :
_bدار النفائس للنشر و التوزيع،
_c1997.
300 _a343ص
650 1 7 _aالسحر
942 _2ddc
_cBK
999 _c66384
_d66384